[Event "Mitropa Cup 27th"]
[Site "Olbia"]
[Date "2008.05.31"]
[Round "6.3"]
[White "Fodor, Tamas Jr"]
[Black "Pilaj, Herwig"]
[Result "1/2-1/2"]
[WhiteElo "2432"]
[BlackElo "2389"]
[PlyCount "103"]
[EventDate "2008.05.25"]
[EventType "team-tourn"]
[EventRounds "9"]
[EventCountry "ITA"]
[Source "ChessBase"]
[SourceDate "2008.07.03"]
[WhiteTeam "Hungary"]
[BlackTeam "Austria"]
[WhiteTeamCountry "HUN"]
[BlackTeamCountry "AUT"]

1. d4 d5 2. c4 c6 3. Nf3 Nf6 4. e3 Bg4 5. Qb3 Qb6 6. Ne5 Bf5 7. Nc3 e6 8. c5
Qc7 9. Be2 Nbd7 10. f4 Nxe5 11. fxe5 Ne4 12. O-O Be7 13. Nxe4 Bxe4 14. Bd3 Bxd3
15. Qxd3 O-O 16. e4 Rad8 17. Qg3 Kh8 18. exd5 Rxd5 19. Qg4 f5 20. exf6 Bxf6 21.
Be3 e5 22. Rae1 exd4 23. Bxd4 Bxd4+ 24. Qxd4 Rxf1+ 25. Rxf1 Qe7 26. Qf2 Kg8 27.
b4 Re5 28. Qf4 h6 29. h3 Re4 30. Qd2 Re2 31. Qd3 Qe4 32. Qxe4 Rxe4 33. a3 Re3
34. Ra1 Kf7 35. Kf2 Rb3 36. Rd1 Ke7 37. Re1+ Kf6 38. Re8 Rxa3 39. Rb8 a5 40.
Rxb7 axb4 41. Rb6 Ke5 42. Rxc6 Kd5 43. Rc7 Rc3 44. Rxg7 Rxc5 45. Ke2 b3 46. Rb7
Rc2+ 47. Kd3 Rxg2 48. Rb5+ Ke6 49. Rxb3 Rg3+ 50. Kc4 Rxb3 51. Kxb3 Kf5 52. Kc3
1/2-1/2

[Event "Mitropa Cup 27th"]
[Site "Olbia"]
[Date "2008.05.31"]
[Round "6.1"]
[White "Le Roux, Jean Pierre"]
[Black "Bosiocic, Marin"]
[Result "1-0"]
[WhiteElo "2482"]
[BlackElo "2503"]
[PlyCount "95"]
[EventDate "2008.05.25"]
[EventType "team-tourn"]
[EventRounds "9"]
[EventCountry "ITA"]
[Source "ChessBase"]
[SourceDate "2008.07.03"]
[WhiteTeam "France"]
[BlackTeam "Croatia"]
[WhiteTeamCountry "FRA"]
[BlackTeamCountry "CRO"]

1. d4 Nf6 2. Nf3 e6 3. c4 Bb4+ 4. Bd2 a5 5. g3 d5 6. Bg2 dxc4 7. O-O O-O 8. Qc2
b5 9. a4 c6 10. axb5 Bxd2 11. Nfxd2 Nd5 12. Qxc4 cxb5 13. Qxb5 Ba6 14. Qxa5
Qxa5 15. Rxa5 Nc6 16. Bxd5 exd5 17. Rxd5 Bxe2 18. Re1 Nb4 19. Rd6 Bg4 20. Nc3
Nd3 21. Rb1 Rfc8 22. f3 Bf5 23. Nde4 h6 24. Nd5 Ra7 25. Ne3 Bg6 26. Rb6 Ra2 27.
Kf1 Nc1 28. d5 Ra7 29. Rc6 Rxc6 30. dxc6 Nd3 31. Nd5 Ne5 32. c7 Rxc7 33. Nxc7
Nxf3 34. Rd1 Bxe4 35. b4 Nxh2+ 36. Kg1 Nf3+ 37. Kf2 Ne5 38. Ke3 f5 39. b5 g5
40. Kd4 Nd7 41. Ne8 Bf3 42. Rf1 g4 43. Nd6 f4 44. gxf4 h5 45. Nf5 Kf7 46. Rc1
Ke6 47. Ng7+ Kd6 48. Nxh5 1-0

[Event "Mitropa Cup 27th"]
[Site "Olbia"]
[Date "2008.05.31"]
[Round "6.2"]
[White "Saric, Ivan"]
[Black "Benitah, Yohan"]
[Result "1/2-1/2"]
[WhiteElo "2500"]
[BlackElo "2425"]
[PlyCount "100"]
[EventDate "2008.05.25"]
[EventType "team-tourn"]
[EventRounds "9"]
[EventCountry "ITA"]
[Source "ChessBase"]
[SourceDate "2008.07.03"]
[WhiteTeam "Croatia"]
[BlackTeam "France"]
[WhiteTeamCountry "CRO"]
[BlackTeamCountry "FRA"]

1. e4 c5 2. Nf3 d6 3. d4 cxd4 4. Nxd4 Nf6 5. Nc3 a6 6. Be3 e5 7. Nf3 h6 8. Bc4
Be7 9. O-O O-O 10. Qe2 Nbd7 11. Rfd1 b5 12. Bd5 Nxd5 13. Nxd5 Bb7 14. a4 Bxd5
15. exd5 b4 16. a5 Qc7 17. Ra4 Rfb8 18. Qd2 f5 19. Rxb4 Rxb4 20. Qxb4 Rb8 21.
Qa4 Rxb2 22. Qc6 Bd8 23. Qxa6 f4 24. Bd2 Qxc2 25. Re1 Nf8 26. Qc6 Qd3 27. Qxd6
Rxd2 28. Nxd2 Qxd2 29. Qxe5 Bxa5 30. Rb1 Bc3 31. Qe4 Bd4 32. Rf1 Bc5 33. g3
fxg3 34. hxg3 Qd4 35. Qf5 Qf6 36. Qxf6 gxf6 37. Rc1 Nd7 38. Kg2 Kf7 39. f4 f5
40. Kf3 h5 41. Re1 Bd4 42. d6 Bf6 43. Rh1 Kg6 44. Ke3 Bg7 45. Kd3 Bf8 46. Rd1
Kf7 47. Kc4 Ke6 48. Kb5 Bxd6 49. Re1+ Kd5 50. Rd1+ Ke6 1/2-1/2

[Event "Mitropa Cup 27th"]
[Site "Olbia"]
[Date "2008.05.31"]
[Round "6.3"]
[White "Vitoux, Colomban"]
[Black "Doric, Darko"]
[Result "1-0"]
[WhiteElo "2445"]
[BlackElo "2448"]
[PlyCount "221"]
[EventDate "2008.05.25"]
[EventType "team-tourn"]
[EventRounds "9"]
[EventCountry "ITA"]
[Source "ChessBase"]
[SourceDate "2008.07.03"]
[WhiteTeam "France"]
[BlackTeam "Croatia"]
[WhiteTeamCountry "FRA"]
[BlackTeamCountry "CRO"]

1. e4 c6 2. Nc3 d5 3. d4 dxe4 4. Nxe4 Bf5 5. Ng3 Bg6 6. h4 h6 7. Nh3 e6 8. Nf4
Bh7 9. Bc4 Nf6 10. O-O Bd6 11. Ngh5 O-O 12. Re1 Nxh5 13. Nxh5 Nd7 14. Qg4 Bg6
15. Bxh6 Nf6 16. Nxf6+ Qxf6 17. Bg5 Qf5 18. Qxf5 Bxf5 19. c3 b5 20. Be2 a5 21.
Bf3 Ra6 22. Be4 Bxe4 23. Rxe4 a4 24. f3 Rc8 25. a3 Ra7 26. Kf2 Rd7 27. Rae1 Bf8
28. g4 Rd5 29. Re5 f6 30. Rxd5 cxd5 31. Bf4 Kf7 32. g5 g6 33. Rh1 Be7 34. gxf6
Bxf6 35. Be5 Be7 36. h5 gxh5 37. Rxh5 Kg6 38. Rh1 Rg8 39. Ke3 Kf7 40. Rh7+ Ke8
41. Kf2 Kd8 42. Bg3 Ke8 43. Bh4 Bxh4+ 44. Rxh4 Ke7 45. Rh7+ Kd6 46. Rh6 Kd7 47.
Rh2 Kd6 48. Rh5 Rf8 49. Ke3 Rg8 50. Rh2 Rg1 51. Rf2 Re1+ 52. Kd2 Rh1 53. f4 Rh5
54. Kc2 Rf5 55. b3 Rf8 56. Kc1 Rf7 57. Kc2 Rf8 58. Rf1 Rf7 59. bxa4 bxa4 60.
Rb1 Rxf4 61. Rb6+ Kc7 62. Ra6 Rf2+ 63. Kd3 Ra2 64. Rxa4 Kb6 65. Rb4+ Kc6 66.
Ra4 Kb6 67. c4 dxc4+ 68. Kxc4 Rc2+ 69. Kd3 Ra2 70. Rb4+ Kc6 71. Rc4+ Kd6 72.
Ra4 Kd5 73. Ra5+ Kc6 74. a4 Ra1 75. Rc5+ Kd6 76. a5 Rd1+ 77. Kc4 Rc1+ 78. Kb5
Rb1+ 79. Ka6 Rb4 80. Rb5 Rxd4 81. Kb7 Rc4 82. a6 Rc7+ 83. Kb8 Re7 84. a7 Kc6
85. a8=Q+ Kxb5 86. Qe4 Rd7 87. Qxe6 Rd4 88. Qe5+ Kc4 89. Kc7 Rd5 90. Qe3 Rd3
91. Qe6+ Kc5 92. Qe5+ Kc4 93. Kc6 Rd4 94. Qe3 Rd3 95. Qc5+ Kb3 96. Kb5 Rc3 97.
Qd5+ Ka3 98. Qd2 Kb3 99. Qe1 Rd3 100. Qb4+ Kc2 101. Kc4 Re3 102. Qa4+ Kb2 103.
Qd1 Rc3+ 104. Kb4 Rc7 105. Qd4+ Ka2 106. Qd3 Kb2 107. Qd1 Rc2 108. Qd4+ Ka2
109. Qd5+ Ka1 110. Qe5+ Rb2+ 111. Ka3 1-0

[Event "Mitropa Cup 27th"]
[Site "Olbia"]
[Date "2008.05.31"]
[Round "6.4"]
[White "Martinovic, Sasa"]
[Black "Monroy, Charles"]
[Result "0-1"]
[WhiteElo "2403"]
[BlackElo "2399"]
[PlyCount "96"]
[EventDate "2008.05.25"]
[EventType "team-tourn"]
[EventRounds "9"]
[EventCountry "ITA"]
[Source "ChessBase"]
[SourceDate "2008.07.03"]
[WhiteTeam "Croatia"]
[BlackTeam "France"]
[WhiteTeamCountry "CRO"]
[BlackTeamCountry "FRA"]

1. d4 d6 2. g3 e5 3. dxe5 dxe5 4. Qxd8+ Kxd8 5. Nc3 Be6 6. f4 Nd7 7. Nf3 f6 8.
fxe5 Nxe5 9. Bf4 Ng6 10. O-O-O+ Kc8 11. Be3 N8e7 12. Nd4 Bd7 13. Ndb5 Ne5 14.
Bg2 c6 15. Nd4 Nf5 16. Nxf5 Bxf5 17. Bf4 Kc7 18. Rhf1 Be6 19. Ne4 h6 20. Rd3
Be7 21. Rfd1 Rad8 22. Rxd8 Rxd8 23. Rxd8 Kxd8 24. Bxe5 fxe5 25. Kd2 Kc7 26. b3
b5 27. Kd3 a5 28. Bf3 Kb6 29. e3 Bb4 30. Nc3 a4 31. a3 Bxa3 32. bxa4 Bc4+ 33.
Kd2 Bb4 34. axb5 cxb5 35. Be4 Kc5 36. h4 Kd6 37. Bf5 Ba5 38. Bg6 Ke6 39. Bh7
Kf6 40. Be4 g5 41. hxg5+ Kxg5 42. Bf3 Kf5 43. Bh5 e4 44. Be8 Kg4 45. Bc6 Kxg3
46. Bxe4 h5 47. Bc6 h4 48. e4 Kf4 0-1

[Event "Mitropa Cup 27th"]
[Site "Olbia"]
[Date "2008.05.31"]
[Round "6.4"]
[White "Plat, Vojtech"]
[Black "Borgo, Giulio"]
[Result "1-0"]
[WhiteElo "2332"]
[BlackElo "2453"]
[PlyCount "93"]
[EventDate "2008.05.25"]
[EventType "team-tourn"]
[EventRounds "9"]
[EventCountry "ITA"]
[Source "ChessBase"]
[SourceDate "2008.07.03"]
[WhiteTeam "Czech Republic"]
[BlackTeam "Italy"]
[WhiteTeamCountry "CZE"]
[BlackTeamCountry "ITA"]

1. e4 c5 2. Nf3 d6 3. d4 cxd4 4. Nxd4 Nf6 5. Nc3 Nc6 6. Be2 e5 7. Nb3 Be7 8.
Bg5 Nxe4 9. Nxe4 Bxg5 10. Nxd6+ Ke7 11. Nxc8+ Rxc8 12. Qxd8+ Rhxd8 13. c3 e4
14. O-O Ne5 15. Rfd1 f5 16. Kf1 h5 17. a4 h4 18. h3 g6 19. Rxd8 Rxd8 20. Nd4 a6
21. Ra3 Rd7 22. Rb3 Kf7 23. f3 Be3 24. fxe4 fxe4 25. Rb6 Nd3 26. Bxd3 exd3 27.
Ke1 Kg7 28. Rb4 Kf6 29. Nf3 g5 30. Re4 Bf4 31. Kd1 Kf5 32. Re8 Rd5 33. Nd4+ Kf6
34. Re6+ Kf7 35. Rb6 Rd7 36. Nf5 Ke8 37. Rb4 Rf7 38. Rxf4 gxf4 39. Nd6+ Ke7 40.
Nxf7 Kxf7 41. Kd2 Ke6 42. Kxd3 Kd5 43. b4 Ke5 44. c4 Kf5 45. b5 Ke5 46. c5 a5
47. Kc4 1-0

[Event "Mitropa Cup 27th"]
[Site "Olbia"]
[Date "2008.05.31"]
[Round "6.1"]
[White "Markos, Jan"]
[Black "Baramidze, David"]
[Result "0-1"]
[WhiteElo "2565"]
[BlackElo "2583"]
[PlyCount "60"]
[EventDate "2008.05.25"]
[EventType "team-tourn"]
[EventRounds "9"]
[EventCountry "ITA"]
[Source "ChessBase"]
[SourceDate "2008.07.03"]
[WhiteTeam "Slovakia"]
[BlackTeam "Germany"]
[WhiteTeamCountry "SVK"]
[BlackTeamCountry "GER"]

1. d4 d5 2. c4 c6 3. Nf3 Nf6 4. e3 a6 5. Nc3 b5 6. c5 Nbd7 7. Bd2 a5 8. Rc1 Qc7
9. a3 e5 10. b4 e4 11. Ng1 axb4 12. axb4 Be7 13. Nge2 O-O 14. Ng3 g6 15. f3
exf3 16. gxf3 h5 17. Bd3 h4 18. Nge2 Nh5 19. e4 dxe4 20. fxe4 Rd8 21. Qc2 Ne5
22. dxe5 Qd7 23. Bxb5 cxb5 24. Nd5 h3 25. Be3 Bh4+ 26. Kd2 Qe6 27. Kc3 Nf6 28.
Nef4 Qxe5+ 29. Kb3 Nxd5 30. Nxd5 Rxd5 0-1

[Event "Mitropa Cup 27th"]
[Site "Olbia"]
[Date "2008.05.31"]
[Round "6.2"]
[White "Braun, Arik"]
[Black "Vavrak, Peter"]
[Result "1-0"]
[WhiteElo "2529"]
[BlackElo "2466"]
[PlyCount "137"]
[EventDate "2008.05.25"]
[EventType "team-tourn"]
[EventRounds "9"]
[EventCountry "ITA"]
[Source "ChessBase"]
[SourceDate "2008.07.03"]
[WhiteTeam "Germany"]
[BlackTeam "Slovakia"]
[WhiteTeamCountry "GER"]
[BlackTeamCountry "SVK"]

1. d4 e6 2. c4 Nf6 3. Nc3 Bb4 4. Qc2 O-O 5. a3 Bxc3+ 6. Qxc3 b6 7. Bg5 Bb7 8.
Nf3 d6 9. Nd2 Nbd7 10. f3 c5 11. dxc5 bxc5 12. e3 a5 13. Bd3 Ra6 14. O-O Qa8
15. Rad1 Rb8 16. Rf2 Rb6 17. Nb1 Bc6 18. Bf1 Ne8 19. Bf4 Ba4 20. Rdd2 f5 21.
Qc1 e5 22. Bg3 Bc6 23. Nc3 Qb7 24. a4 Nf8 25. f4 exf4 26. Bxf4 Qe7 27. Qb1 g6
28. Qd1 Ba8 29. Nb5 Rd8 30. Be2 Ne6 31. Bf3 Nxf4 32. exf4 Bxf3 33. Rxf3 Nf6 34.
Re2 Ne4 35. Qe1 d5 36. Qxa5 Rbb8 37. cxd5 Rxd5 38. h3 Rbd8 39. Nc3 Rd4 40. Rfe3
Re8 41. Qb5 Kf8 42. a5 Qc7 43. Nxe4 fxe4 44. Re1 Rb8 45. Qe2 Qxa5 46. Rxe4 Qb5
47. Qf2 Rxe4 48. Rxe4 Qxb2 49. Qxc5+ Kg8 50. Qc4+ Kh8 51. Re7 Qb6+ 52. Kh1 Rf8
53. Qc3+ Qf6 54. Qc7 h5 55. f5 gxf5 56. Rh7+ Kg8 57. Rxh5 Qg6 58. Qc4+ Rf7 59.
Qh4 Qf6 60. Qg3+ Kf8 61. Qb8+ Ke7 62. Rh8 Qa1+ 63. Kh2 Qd4 64. Qc7+ Ke6 65.
Rh6+ Rf6 66. Qc6+ Kf7 67. Rxf6+ Qxf6 68. Qxf6+ Kxf6 69. Kg3 1-0

[Event "Mitropa Cup 27th"]
[Site "Olbia"]
[Date "2008.05.31"]
[Round "6.3"]
[White "Macak, Stefan"]
[Black "Naumann, Alexander"]
[Result "1/2-1/2"]
[WhiteElo "2342"]
[BlackElo "2523"]
[PlyCount "71"]
[EventDate "2008.05.25"]
[EventType "team-tourn"]
[EventRounds "9"]
[EventCountry "ITA"]
[Source "ChessBase"]
[SourceDate "2008.07.03"]
[WhiteTeam "Slovakia"]
[BlackTeam "Germany"]
[WhiteTeamCountry "SVK"]
[BlackTeamCountry "GER"]

1. e4 c5 2. Nf3 d6 3. d4 cxd4 4. Nxd4 Nf6 5. Nc3 a6 6. f3 e6 7. Be3 b5 8. g4 h6
9. Qd2 b4 10. Nce2 e5 11. Nf5 d5 12. O-O-O Be6 13. Kb1 Nc6 14. exd5 Qxd5 15.
Nc1 Qxd2 16. Rxd2 Nd5 17. Bd3 Nxe3 18. Be4 Rc8 19. Nxe3 Bc5 20. Nd5 a5 21. Nd3
Bd4 22. c3 bxc3 23. Nxc3 Ke7 24. Nb5 Bb6 25. Re1 f6 26. f4 Bc4 27. Nc3 Rhd8 28.
fxe5 fxe5 29. b3 Bd4 30. Ne2 Be3 31. Rdd1 Bxd3+ 32. Rxd3 Rxd3 33. Bxd3 Nd4 34.
Ng3 Bf4 35. Nh5 Bxh2 36. Nxg7 1/2-1/2

[Event "Mitropa Cup 27th"]
[Site "Olbia"]
[Date "2008.05.31"]
[Round "6.4"]
[White "Huschenbeth, Niclas"]
[Black "Smolen, Jan"]
[Result "1-0"]
[WhiteElo "2453"]
[BlackElo "2445"]
[PlyCount "141"]
[EventDate "2008.05.25"]
[EventType "team-tourn"]
[EventRounds "9"]
[EventCountry "ITA"]
[Source "ChessBase"]
[SourceDate "2008.07.03"]
[WhiteTeam "Germany"]
[BlackTeam "Slovakia"]
[WhiteTeamCountry "GER"]
[BlackTeamCountry "SVK"]

1. e4 c6 2. d4 d5 3. Nc3 dxe4 4. Nxe4 Bf5 5. Ng3 Bg6 6. h4 h6 7. Nf3 Nd7 8. h5
Bh7 9. Bd3 Bxd3 10. Qxd3 e6 11. Bf4 Qa5+ 12. Bd2 Bb4 13. Ne4 Bxd2+ 14. Nfxd2
Ngf6 15. Nd6+ Ke7 16. Nxb7 Qb4 17. Qb3 Qxd4 18. O-O-O Rhb8 19. Qa3+ c5 20. Na5
Rc8 21. Ndc4 Qf4+ 22. Kb1 Rc7 23. Qd3 Nd5 24. g3 Qf6 25. Ne3 Rb8 26. Nb3 c4 27.
Nxc4 Rbc8 28. Nbd2 Nc5 29. Qa3 Kf8 30. Nd6 Rd8 31. N6e4 Qe7 32. Nxc5 Qxc5 33.
Qxc5+ Rxc5 34. Nf3 Rb8 35. Rd2 Nf6 36. Re1 Nxh5 37. Re5 Rbb5 38. Rxc5 Rxc5 39.
b4 Rc7 40. Rd4 f5 41. Ne5 Nf6 42. f4 g5 43. c4 Nh5 44. fxg5 hxg5 45. g4 Nf6 46.
a4 Ke7 47. a5 Nxg4 48. Nxg4 fxg4 49. Kb2 e5 50. Rxg4 Kf6 51. Kb3 Kf5 52. Rg1 e4
53. b5 e3 54. Kb4 Ke4 55. b6 axb6 56. axb6 Rd7 57. c5 e2 58. Re1 Rd1 59. Rxe2+
Kd5 60. Rb2 Kc6 61. Kc3 Rd8 62. Rd2 Rg8 63. Kc4 g4 64. Rd6+ Kb7 65. Rd7+ Kb8
66. c6 g3 67. Rb7+ Kc8 68. Ra7 Rg4+ 69. Kb3 Kd8 70. c7+ Kd7 71. Ra8 1-0

[Event "Mitropa Cup 27th"]
[Site "Olbia"]
[Date "2008.05.31"]
[Round "6.1"]
[White "Lenic, Luka"]
[Black "Jenni, Florian"]
[Result "1/2-1/2"]
[WhiteElo "2584"]
[BlackElo "2550"]
[PlyCount "147"]
[EventDate "2008.05.25"]
[EventType "team-tourn"]
[EventRounds "9"]
[EventCountry "ITA"]
[Source "ChessBase"]
[SourceDate "2008.07.03"]
[WhiteTeam "Slovenia"]
[BlackTeam "Switzerland"]
[WhiteTeamCountry "SVK"]
[BlackTeamCountry "SUI"]

1. d4 Nf6 2. c4 e6 3. Nf3 c5 4. g3 cxd4 5. Nxd4 Bb4+ 6. Bd2 Qb6 7. Bxb4 Qxb4+
8. Nc3 O-O 9. Qb3 Qc5 10. Rd1 Nc6 11. Qb5 Qxb5 12. Ndxb5 Rd8 13. Bg2 Kf8 14.
O-O Ke7 15. Rd2 Ne8 16. Rfd1 f5 17. c5 Ne5 18. Nd6 Nxd6 19. cxd6+ Kf8 20. Rc2
Rb8 21. Nb5 a6 22. Rc5 Nf7 23. Na7 b5 24. Rc7 a5 25. Nxc8 Rbxc8 26. Bb7 Rb8 27.
f4 g5 28. e3 Kg7 29. Kf2 Kf6 30. Rd4 e5 31. Rd5 gxf4 32. exf4 exf4 33. gxf4 Ke6
34. Rxb5 Nxd6 35. Bd5+ Ke7 36. Rxb8 Rxb8 37. b3 Rb5 38. Bg8 Rb8 39. Bd5 Rb5 40.
Bf3 Rb4 41. Ra7 Rxf4 42. Rxa5 Ke6 43. h3 Ne4+ 44. Ke3 Rh4 45. Bg2 d5 46. Ra8
Ng5 47. Re8+ Kf7 48. Rd8 f4+ 49. Ke2 f3+ 50. Bxf3 Nxf3 51. Kxf3 Rxh3+ 52. Kg4
Rd3 53. Rd6 h5+ 54. Kxh5 Ke7 55. Ra6 Rg3 56. Kh4 Rg1 57. Kh3 Rg8 58. Rb6 Kd7
59. Rb4 Kc6 60. Rg4 Re8 61. Kg3 Kc5 62. Kf3 Ra8 63. Rg2 Kd4 64. Rd2+ Kc3 65.
Ke2 Re8+ 66. Kd1 d4 67. Rc2+ Kd3 68. Rh2 Kc3 69. Rh3+ d3 70. Rh7 Rg8 71. Rc7+
Kd4 72. Rd7+ Kc3 73. Rc7+ Kd4 74. Rd7+ 1/2-1/2

[Event "Mitropa Cup 27th"]
[Site "Olbia"]
[Date "2008.05.31"]
[Round "6.2"]
[White "Gallagher, Joseph G"]
[Black "Borisek, Jure"]
[Result "1/2-1/2"]
[WhiteElo "2480"]
[BlackElo "2522"]
[PlyCount "51"]
[EventDate "2008.05.25"]
[EventType "team-tourn"]
[EventRounds "9"]
[EventCountry "ITA"]
[Source "ChessBase"]
[SourceDate "2008.07.03"]
[WhiteTeam "Switzerland"]
[BlackTeam "Slovenia"]
[WhiteTeamCountry "SUI"]
[BlackTeamCountry "SVK"]

1. e4 e5 2. Nf3 Nc6 3. Bb5 a6 4. Ba4 Nf6 5. O-O Be7 6. Re1 b5 7. Bb3 d6 8. c3
O-O 9. h3 Rb8 10. d4 exd4 11. cxd4 d5 12. exd5 Nxd5 13. Bxd5 Qxd5 14. Nc3 Qd8
15. d5 Na5 16. Bf4 Bd6 17. Qd2 Bxf4 18. Qxf4 b4 19. Ne4 Qxd5 20. Qxc7 Rb7 21.
Qf4 Rb6 22. Ng3 Qd6 23. Qg5 Rb5 24. Qe3 Nc4 25. Qe2 Nb6 26. Rad1 1/2-1/2

[Event "Mitropa Cup 27th"]
[Site "Olbia"]
[Date "2008.05.31"]
[Round "6.3"]
[White "Sebenik, Matej"]
[Black "Huss, Andreas"]
[Result "1-0"]
[WhiteElo "2502"]
[BlackElo "2380"]
[PlyCount "115"]
[EventDate "2008.05.25"]
[EventType "team-tourn"]
[EventRounds "9"]
[EventCountry "ITA"]
[Source "ChessBase"]
[SourceDate "2008.07.03"]
[WhiteTeam "Slovenia"]
[BlackTeam "Switzerland"]
[WhiteTeamCountry "SVK"]
[BlackTeamCountry "SUI"]

1. d4 e6 2. c4 Nf6 3. Nf3 b6 4. g3 Ba6 5. b3 Bb4+ 6. Bd2 Be7 7. Bg2 c6 8. O-O
d5 9. Qc2 Nbd7 10. Rd1 O-O 11. a4 Ne4 12. Be1 f5 13. Na3 g5 14. b4 g4 15. Ne5
Nxe5 16. dxe5 Rc8 17. Qb3 Kh8 18. Rac1 Bg5 19. Rb1 Be7 20. f3 Ng5 21. f4 Nh3+
22. Kf1 Qc7 23. Rbc1 Qb8 24. cxd5 cxd5 25. b5 Bb7 26. Nc2 Rc4 27. Nd4 Rfc8 28.
Rxc4 dxc4 29. Qc2 Bxg2+ 30. Kxg2 Qb7+ 31. e4 fxe4 32. Nc6 Rxc6 33. bxc6 Qxc6
34. Rd4 e3+ 35. Qe4 Qxa4 36. Rxc4 Qa2+ 37. Rc2 Qb3 38. Qc4 Qxc4 39. Rxc4 Bc5
40. Kf1 Kg7 41. Bb4 e2+ 42. Kxe2 Ng1+ 43. Kd3 Bxb4 44. Rxb4 Nf3 45. Rb2 Kg6 46.
Ke4 h5 47. h3 Ng1 48. hxg4 hxg4 49. Ke3 Nf3 50. Ra2 a5 51. Rb2 Kf5 52. Rxb6 Nh2
53. Rb1 a4 54. Ra1 a3 55. Rxa3 Nf1+ 56. Ke2 Nh2 57. Kf2 Ke4 58. Kg2 1-0

[Event "Mitropa Cup 27th"]
[Site "Olbia"]
[Date "2008.05.31"]
[Round "6.4"]
[White "Hindermann, Felix"]
[Black "Skoberne, Jure"]
[Result "0-1"]
[WhiteElo "2298"]
[BlackElo "2492"]
[PlyCount "74"]
[EventDate "2008.05.25"]
[EventType "team-tourn"]
[EventRounds "9"]
[EventCountry "ITA"]
[Source "ChessBase"]
[SourceDate "2008.07.03"]
[WhiteTeam "Switzerland"]
[BlackTeam "Slovenia"]
[WhiteTeamCountry "SUI"]
[BlackTeamCountry "SVK"]

1. e4 d6 2. d4 Nf6 3. Nc3 g6 4. f4 Bg7 5. Nf3 O-O 6. Bd3 Na6 7. O-O c5 8. d5
Bg4 9. Bc4 Nc7 10. h3 Bxf3 11. Qxf3 e6 12. dxe6 fxe6 13. Be3 b6 14. Rad1 Qe7
15. Bf2 Nh5 16. g3 Kh8 17. Nb5 Nxb5 18. Bxb5 Rad8 19. c3 Bh6 20. Bc4 Ng7 21.
Qg4 g5 22. fxg5 Bxg5 23. h4 Bh6 24. Qe2 Rg8 25. Rd3 Qe8 26. Kh2 b5 27. Rf3 bxc4
28. Rf6 Rb8 29. Rxh6 Rf8 30. e5 Rf5 31. g4 Rf4 32. Qc2 Qg8 33. Rg1 Rbf8 34. Be3
Rf3 35. Re1 Nf5 36. gxf5 Qg3+ 37. Kh1 Qxe1+ 0-1

[Event "Mitropa Cup 27th"]
[Site "Olbia"]
[Date "2008.06.01"]
[Round "7.1"]
[White "Neubauer, Martin"]
[Black "Markos, Jan"]
[Result "1/2-1/2"]
[WhiteElo "2446"]
[BlackElo "2565"]
[PlyCount "49"]
[EventDate "2008.05.25"]
[EventType "team-tourn"]
[EventRounds "9"]
[EventCountry "ITA"]
[Source "ChessBase"]
[SourceDate "2008.07.03"]
[WhiteTeam "Austria"]
[BlackTeam "Slovakia"]
[WhiteTeamCountry "AUT"]
[BlackTeamCountry "SVK"]

1. d4 Nf6 2. Nf3 e6 3. c4 b6 4. g3 Ba6 5. Qc2 b5 6. cxb5 Bxb5 7. Bg2 Na6 8. Nc3
Nb4 9. Qd1 Bc6 10. O-O Be7 11. a3 Nbd5 12. Ne5 Bb7 13. Na2 O-O 14. Nd3 Rb8 15.
e4 Nb6 16. Nc3 d5 17. Nc5 Nxe4 18. N3xe4 dxe4 19. Nxb7 Rxb7 20. Bxe4 Nd5 21.
Qc2 f5 22. Bg2 Bf6 23. Qc4 Qe8 24. Re1 c6 25. b4 1/2-1/2

[Event "Mitropa Cup 27th"]
[Site "Olbia"]
[Date "2008.06.01"]
[Round "7.2"]
[White "Vavrak, Peter"]
[Black "Baumegger, Siegfried"]
[Result "1-0"]
[WhiteElo "2466"]
[BlackElo "2440"]
[PlyCount "93"]
[EventDate "2008.05.25"]
[EventType "team-tourn"]
[EventRounds "9"]
[EventCountry "ITA"]
[Source "ChessBase"]
[SourceDate "2008.07.03"]
[WhiteTeam "Slovakia"]
[BlackTeam "Austria"]
[WhiteTeamCountry "SVK"]
[BlackTeamCountry "AUT"]

1. d4 Nf6 2. c4 e6 3. Nc3 Bb4 4. Qc2 O-O 5. e4 d6 6. a3 Bxc3+ 7. bxc3 e5 8. Bd3
c5 9. Ne2 Nc6 10. O-O b6 11. f4 cxd4 12. cxd4 Bg4 13. d5 Bxe2 14. Qxe2 Nd4 15.
Qb2 Nd7 16. Be3 Nc5 17. Rad1 Ncb3 18. Bb1 Qd7 19. fxe5 dxe5 20. Ba2 Qa4 21.
Bxb3 Nxb3 22. Qxe5 Qxc4 23. d6 Rae8 24. Qg3 Qc3 25. d7 Rd8 26. Bf4 Nd4 27. Qxc3
Ne2+ 28. Kf2 Nxc3 29. Rd4 f5 30. Bc7 Nxe4+ 31. Ke3 Nf6 32. Bxd8 Rxd8 33. Rxf5
Kf7 34. Kf4 g6 35. Re5 h6 36. Re2 Rxd7 37. Rxd7+ Nxd7 38. Rc2 Nc5 39. Ke5 Ke7
40. Kd5 Kd7 41. Rc3 Ne6 42. Ke5 Ng5 43. Rc4 b5 44. Rc2 a5 45. Kf6 Kd6 46. Kxg6
Ne6 47. Kxh6 1-0

[Event "Mitropa Cup 27th"]
[Site "Olbia"]
[Date "2008.06.01"]
[Round "7.3"]
[White "Pilaj, Herwig"]
[Black "Macak, Stefan"]
[Result "1-0"]
[WhiteElo "2389"]
[BlackElo "2342"]
[PlyCount "69"]
[EventDate "2008.05.25"]
[EventType "team-tourn"]
[EventRounds "9"]
[EventCountry "ITA"]
[Source "ChessBase"]
[SourceDate "2008.07.03"]
[WhiteTeam "Austria"]
[BlackTeam "Slovakia"]
[WhiteTeamCountry "AUT"]
[BlackTeamCountry "SVK"]

1. d4 Nf6 2. c4 e6 3. Nf3 b6 4. Nc3 Bb4 5. Bg5 h6 6. Bh4 Bb7 7. Nd2 Nc6 8. e3
Ne7 9. Bxf6 gxf6 10. Qb3 c5 11. d5 Qb8 12. O-O-O f5 13. f4 O-O 14. Rg1 Kh8 15.
Nf3 Ng6 16. g4 Qd8 17. gxf5 exf5 18. Bd3 Qf6 19. Qc2 Rae8 20. Rde1 Ne7 21. Re2
d6 22. Kb1 Rg8 23. Rg3 a6 24. e4 fxe4 25. Nxe4 Qxf4 26. Rf2 Qe3 27. Nxd6 Rxg3
28. hxg3 Rb8 29. Nxf7+ Kg7 30. N7e5 h5 31. Re2 Qh6 32. Nd7 Re8 33. Re6 Qxe6 34.
dxe6 Bxf3 35. Qf2 1-0

[Event "Mitropa Cup 27th"]
[Site "Olbia"]
[Date "2008.06.01"]
[Round "7.4"]
[White "Smolen, Jan"]
[Black "Kreisl, Robert"]
[Result "0-1"]
[WhiteElo "2445"]
[BlackElo "2322"]
[PlyCount "72"]
[EventDate "2008.05.25"]
[EventType "team-tourn"]
[EventRounds "9"]
[EventCountry "ITA"]
[Source "ChessBase"]
[SourceDate "2008.07.03"]
[WhiteTeam "Slovakia"]
[BlackTeam "Austria"]
[WhiteTeamCountry "SVK"]
[BlackTeamCountry "AUT"]

1. d4 d5 2. c4 c6 3. e3 Nf6 4. Bd3 e5 5. Nc3 exd4 6. exd4 Be6 7. cxd5 Nxd5 8.
Nf3 Be7 9. O-O Nd7 10. h3 O-O 11. a3 N7f6 12. Ng5 Qd7 13. Nxe6 Qxe6 14. Qf3 Qd6
15. Bd2 Rfe8 16. Ne2 Bd8 17. Rad1 Bc7 18. g3 Re7 19. Nc3 Bb6 20. Bg5 Re6 21.
Bf5 Ree8 22. Bb1 h6 23. Bc1 Rad8 24. Na4 Re7 25. b4 Nc7 26. Bf4 Qd5 27. Qd3
Bxd4 28. Qc2 Ne6 29. Ba2 Qh5 30. Bxe6 Rxe6 31. Nc5 Re2 32. Qb3 Rxf2 33. g4 Nxg4
34. Rxd4 Rxf1+ 35. Kxf1 Rxd4 36. Qf3 Nh2+ 0-1

[Event "Mitropa Cup 27th"]
[Site "Olbia"]
[Date "2008.06.01"]
[Round "7.1"]
[White "Saric, Ante"]
[Black "Caruana, Fabiano"]
[Result "0-1"]
[WhiteElo "2505"]
[BlackElo "2620"]
[PlyCount "58"]
[EventDate "2008.05.25"]
[EventType "team-tourn"]
[EventRounds "9"]
[EventCountry "ITA"]
[Source "ChessBase"]
[SourceDate "2008.07.03"]
[WhiteTeam "Croatia"]
[BlackTeam "Italy"]
[WhiteTeamCountry "CRO"]
[BlackTeamCountry "ITA"]

1. d4 d5 2. c4 c6 3. Nf3 Nf6 4. e3 Bf5 5. Nc3 e6 6. Nh4 Be4 7. f3 Bg6 8. Qb3
Qc7 9. Bd2 Be7 10. O-O-O a6 11. c5 Nbd7 12. Be2 e5 13. Be1 exd4 14. exd4 Nh5
15. Nxg6 hxg6 16. Kb1 Rb8 17. Qc2 Nf8 18. g3 Ne6 19. Bf2 O-O 20. Rhe1 b6 21.
cxb6 Rxb6 22. Bd3 Rfb8 23. Na4 Rb4 24. Bxg6 Nf6 25. Ka1 Qa5 26. Bxf7+ Kxf7 27.
Qe2 Rxa4 28. b3 Qc3+ 29. Kb1 Rxb3+ 0-1